=LDR 00000nam 2200000 4500 =001 INLIS000000000025540 =005 20200416015422 =035 ##$$a 0010-061300000025540 =008 200416###########################0###### =041 ##$$a Ind =082 ##$$a 2X3 =090 ##$$a 2X3, Zid z =100 ##$$a Zidny, Irfan =245 1#$$a Ziarah Spiritual, Irfan Zidny =260 ##$$a 1997 :$b Jakarta =300 ##$$a 54 hlm, 18 cm =650 #4$$a Spititual =850 ##$$a NBPNMAT =990 ##$$a 107.404/Pb.97 =990 ##$$a 00054878